Normal view
MARC view
- حقوق الانسان -- الأردن -- تقارير سنوية -- الأردن. ديوان المظالم. -- تقارير
Entry Topical Term
001 - CONTROL NUMBER
- control field: 53204
003 - CONTROL NUMBER IDENTIFIER
- control field: JO-AjAnu
005 - DATE AND TIME OF LATEST TRANSACTION
- control field: 20230606082735.0
008 - FIXED-LENGTH DATA ELEMENTS
- fixed length control field: 230606|| aca||aabn | a|a d
040 ## - CATALOGING SOURCE
- Original cataloging agency: JO-AjAnu
- Transcribing agency: JO-AjAnu
150 ## - HEADING--TOPICAL TERM
- Topical term or geographic name entry element: حقوق الانسان -- الأردن -- تقارير سنوية -- الأردن. ديوان المظالم. -- تقارير
670 ## - SOURCE DATA FOUND
- Source citation: Work cat.: (JO-AjAnu)27182: الإردن، ديوان المظالم, author 53203, ديوان المظالم لكل ذي حق: التقرير السنوي لعام 2015